00972nam a2200253 a 450000100060000000300090000600800410001502000150005604000280007108200180009910000260011724500980014326000350024130000140027649000220029059000470031265000410035965000440040065000390044465000530048394200120053699900170054895201530056518863CO-ViMGA141112s2004 ck r 000 u spa d a8480193980 aCO-ViMGAbspacCO-ViMGA04a574.8732 L1531 aLanda, Norbert92694610aX e Y Chica o Chico? : buna visita guiada por las maravillas de la herencia y el crecimiento aBarcelona : bPaidotribo; 2001 a45 p. il. aMicroexploradores aForma de adquisición : Premio Mincultura14aCELULAR - LITERATURA INFANTIL92694714aCROMOSOMAS - LITERATURA INFANTIL92694814aGENES - LITERATURA INFANTIL92694914aREPRODUCCION HUMANA - LITERATURA INFANTIL926950 2ddccBK c28090d28090 00102ddc40708003aMEVIECARbMEVIECARd2015-12-04hVolumen. 1 | 11/jun/2009l0o574.8732 L153 p18863r2015-12-04 00:00:00tEj. 1w2015-12-04yBK